Statistics for Countries Where English is an Official Language

Click here to take the quiz!

General Stats

  • This quiz has been taken 1,755 times
  • The average score is 45 of 62

Answer Stats

RegionCountry% Correct
EuropeUnited Kingdom
98%
EuropeIreland
95%
North AmericaUnited States
95%
OceaniaAustralia
94%
North AmericaCanada
94%
OceaniaNew Zealand
92%
AfricaSouth Africa
92%
North AmericaJamaica
84%
North AmericaBahamas
83%
OceaniaFiji
83%
AsiaIndia
82%
North AmericaBarbados
81%
North AmericaAntigua and Barbuda
79%
North AmericaSaint Kitts and Nevis
79%
AfricaKenya
78%
North AmericaSaint Lucia
78%
North AmericaTrinidad and Tobago
78%
AfricaZimbabwe
78%
North AmericaSaint Vincent and the Grenadines
77%
AfricaNigeria
76%
OceaniaSamoa
76%
South AmericaGuyana
75%
OceaniaMarshall Islands
75%
AsiaSingapore
75%
OceaniaSolomon Islands
75%
OceaniaTonga
75%
OceaniaTuvalu
75%
North AmericaBelize
74%
OceaniaKiribati
74%
OceaniaNauru
74%
OceaniaPalau
74%
AfricaZambia
74%
North AmericaDominica
73%
OceaniaVanuatu
73%
AfricaTanzania
72%
OceaniaFederated States of Micronesia
71%
AfricaGhana
71%
AfricaLesotho
71%
AfricaUganda
71%
AfricaBotswana
70%
North AmericaGrenada
70%
AsiaPakistan
70%
AfricaNamibia
69%
EuropeMalta
66%
OceaniaPapua New Guinea
66%
AfricaLiberia
64%
AfricaRwanda
64%
AfricaSudan
64%
AfricaSouth Sudan
63%
AsiaMalaysia
62%
AfricaSwaziland
62%
AsiaBangladesh
61%
AfricaGambia
59%
AfricaMalawi
59%
AfricaCameroon
57%
AfricaSeychelles
57%
AsiaSri Lanka
55%
AfricaSierra Leone
54%
AfricaMauritius
53%
AsiaPhilippines
53%
AsiaBrunei
48%
AfricaEritrea
43%

Score Distribution

Percentile by Number Answered

Percent of People with Each Score

Your Score History

You have not taken this quiz